000 00327nam a22001337a 4500
008 181214b xxu||||| |||| 00| 0 eng d
020 _a0815152191
041 _aeng
080 _a004
100 _a37
101 _aSHK
245 _aIntroduction Computers Digital Processing Medical Imaging
_cKuni.ch.c
942 _2udc
_cBK
999 _c53127
_d53127